000 01111nam a2200253Ia 4500
999 _c41632
_d41632
001 8301
003 GE_BSU
005 20241015100617.0
008 181216s2013||||ge |||||||||||||| ||geo||
020 _a9789941177781
040 _cGE_BSU
041 _ageo
080 _a338.22(075.8)+005.511 შ-48
100 _aშენგელია, თეიმურაზ
_923393
245 _aბიზნესის ადმინისტრირების საფუძვლები. (ნაწ. 1, 2) /
_cთეიმურაზ შენგელია; რედ. რომან გოცირიძე.
264 _aთბილისი :
_bუნივერსალი,
_c2013.
300 _a654 გვ.:
_bნახ. ცხრ.;
_c20 სმ.
500 _aლექსიკონი: გვ. 604-637.
504 _aბიბლიოგრაფია: გვ. 638-650.
541 _h28ლ.
653 _aბიზნესის ადმინისტრირება
700 _aგოცირიძე, რომან
_eრედაქტორი
_9815
942 _cBK
_2udc